Every Team to be Top of the Premier League (20/21) - Statistics

General Stats
  • This quiz has been taken 184 times
    149 since last reset
  • The average score is 18 of 21
Answer Stats
Matchweek Club % Correct
20 Manchester City
99%
18 Manchester United
98%
19 Manchester United
98%
7 Liverpool
96%
13 Liverpool
96%
14 Liverpool
96%
15 Liverpool
96%
16 Liverpool
96%
17 Liverpool
96%
1 Arsenal
94%
9 Tottenham Hotspur
88%
10 Tottenham Hotspur
88%
11 Tottenham Hotspur
88%
12 Tottenham Hotspur
88%
4 Everton
75%
5 Everton
75%
6 Everton
75%
1 Leicester City
71%
2 Leicester City
71%
3 Leicester City
71%
8 Leicester City
71%
No matching quizzes found
Score Distribution
Percent of People with Each Score
Percentile by Number Answered
Your Score History
You have not taken this quiz since the last reset